[Event "Anzac Weekender"]
[Site "Auckland Chess Centre"]
[Date "2017.04.25"]
[Round "5"]
[White "Macdonald, Paul"]
[Black "Gong, Daniel"]
[Result "0-1"]
[WhiteElo "2002"]
[BlackElo "2295"]
[PlyCount "62"]
[EventDate "2017.??.??"]

1. d4 d6 2. c4 e5 {
A la Ker, White must play early Nf3 if he doesn't like these types of setups.}
3. e4 exd4 4. Qxd4 Nc6 5. Qd2 f5 {Typical aggressive play from Daniel, just
get the bits out and attack. The Kings are going to opposite wings and the
race is on.} 6. Nc3 Nf6 7. exf5 Bxf5 8. Nf3 Qd7 9. Be2 O-O-O 10. O-O h6 11. b3
g5 12. Bb2 Bg7 13. Rad1 Kb8 {I think most of us wood pushers would prefer to
be Black here, his position requires less thought, the pawns are going to roll.
..} 14. Nd5 {When you play moves, you should check what weakness it leaves. In
this case the Knight was guarding e4. When Black moves his Knight there, his
knight on e4 will be more threatening than the White one on d5.} Ne4 15. Qc1 h5
16. Nd4 Nxd4 17. Bxd4 Bxd4 18. Rxd4 Qg7 19. Rfd1 {Diagram #} g4 $5 ({
More conservative is} 19... Rde8 20. Bf3 g4 21. Bxe4 Bxe4 22. Qf4 Bc2 23. Rc1
Rhf8 24. Qd2 Bh7 {Black is slightly better and all these endgames with the
Bishop vs the Knight are good for him.}) 20. Ne3 $2 (20. Qf4 Qe5 21. Qxe5 dxe5
22. R4d3 {This was White's one chance to get back into the game, it's probably
even again.}) 20... Bh7 21. c5 Qf6 ({or} 21... Rdf8 22. cxd6 cxd6 23. Rb4 Nxf2
24. Rdd4 a5 25. Ra4 g3) 22. f3 gxf3 23. Bxf3 Ng5 {Diagram #} 24. Bxb7 $2 (24.
Bxh5 Be4 25. Ng4 Nf3+ 26. gxf3 Qxf3 27. Rxe4 Qxe4 {
Even here Black is better and probably just winning.}) 24... Kxb7 25. Rb4+ Kc8
26. c6 Nh3+ 27. Kh1 Nf2+ 28. Kg1 Nxd1 29. Qc4 Qf2+ 30. Kh1 Qe1+ 31. Nf1 {
Diagram #} Bd3 $3 {Beautiful move that Paul had not seen. A nice game showing
just how dangerous Daniel is becoming.} 0-1

[Event "Anzac Weekender"]
[Site "Auckland Chess Centre"]
[Date "2017.04.25"]
[Round "5"]
[White "Kulashko, Alexei"]
[Black "Steadman, Mike"]
[Result "0-1"]
[WhiteElo "2341"]
[BlackElo "2237"]
[PlyCount "86"]
[EventDate "2017.??.??"]

1. e4 c5 2. Nf3 g6 {Straight out of Bob Smith's playbook.} 3. d4 cxd4 4. c3 {
I was looking to try something against Alexei, I guess he smelled a rat and
surprises me first. A Morra and it's not a bad idea with Black already
committed to ...g6 (not the usual antidote)} dxc3 {I had to win, so took the
pawn, but I wasn't happy. Maybe declining with d3 is the best option.} 5. Nxc3
Bg7 {I had no idea what to do in this line, but I was a pawn up, so just
needed to knuckle down and absorb some pain.} 6. Bc4 a6 (6... Nc6 7. e5 Nxe5 8.
Nxe5 Bxe5 9. Qd5 Bxc3+ 10. bxc3 e6 11. Qd6 {This has been played before and
has scored badly for Black, not a good place to be. I thought I would be
better off just trying to get my King safe and give up some squares if I had
to.}) 7. O-O Nc6 8. Qd5 e6 9. Qd6 Nge7 10. a4 O-O 11. Bf4 h6 12. h4 f5 {
Diagram #Ugly, but all part of my plan. It seemed to me that if White played
e5 and followed up with N-e4-d6 then Black is strangled. By f5 I took this
away and helped my dreams of a Kingside attack :-)} 13. e5 Kh7 {I saw the b4
plan and could have played to stop it, but I saw these lines where I just left
him to it on the Queenside and just split open the Kingside with g5, and my
Bishop on f8 would later target the b4 plan. No real calculation, just ideas...
} (13... Qa5 14. Rac1 Qb4 15. b3 g5 16. hxg5 hxg5 17. Bxg5 Ng6 18. Rfd1 Qxd6
19. exd6 {This kind of position just looked hopeless to me...)}) 14. b4 Qe8 15.
a5 {I thought this fell into my line. I was more worried about the other pawn.}
(15. b5 {and bad things can happen, eg} Na5 16. Be2 Rg8 17. Rfb1 Qf8 18. Qb6
Qd8 19. Be3 axb5 20. axb5 d6 21. Rd1 {and White dominates}) 15... Rg8 16. Na4
Bf8 17. Qd2 g5 18. hxg5 Ng6 {Diagram #This is what I had envisaged, the b4
pawn is weak and I have chances down the g file.} 19. Rad1 Nxf4 $2 {
Just after I get the position I was looking for, a mistake.} (19... Bxb4 20.
Qe3 Bxa5 21. Be2 Nxf4 22. Qxf4 Qh5 23. Qe3 hxg5 24. Nd4 Qh6 25. Nxc6 dxc6 {
Black is three pawns up and after a few consolidation moves, should win
comfortably.}) 20. Qxf4 Qg6 21. Nb6 Rb8 22. Qd2 $2 (22. Nxc8 Rxc8 23. Rxd7+ Rg7
24. Rxg7+ Kxg7 25. Rd1 {Now White is a pawn up and comfortably winning. I
guess White took so long to get the Knight to b6 he was reluctant to exchange
it for a dead piece. A let-off for me.}) 22... Rg7 23. g3 $2 {Diagram #Never
move pawns on the side your opponent is strongest on unless you have to.} (23.
b5 axb5 24. Bxb5 hxg5 25. Bxc6 bxc6 26. Nxc8 Rxc8 27. a6 g4 28. Nd4 {
Black is a pawn up but cramped. Alexei has lost the thread.)}) 23... hxg5 24.
g4 $2 {Bad moves follow bad moves.} Kg8 25. Bd3 d6 26. exd6 Bxd6 27. Kg2 Qf6
28. Rh1 fxg4 {Diagram #} 29. Bh7+ $2 {
Desperation, Black just wraps up the point now.} Rxh7 30. Nxg5 Rxh1 31. Rxh1
Bf4 32. Nd5 Bxd2 33. Nxf6+ Kg7 34. Nge4 Bxb4 35. Nh5+ Kg6 36. Kg3 e5 37. f4
gxf3 38. Kxf3 Nd4+ 39. Ke3 Bf5 40. Nef6 Ne6 41. Rg1+ Ng5 42. Rc1 Bxa5 43. Kf2
Bd8 0-1

[Event "Anzac Weekender"]
[Site "Auckland Chess Centre"]
[Date "2017.04.25"]
[Round "6"]
[White "Gong, Daniel"]
[Black "Hague, Ben"]
[Result "1-0"]
[WhiteElo "2295"]
[BlackElo "2305"]
[PlyCount "89"]
[EventDate "2017.??.??"]

1. e4 c5 2. Nf3 Nc6 3. Nc3 e5 4. Bc4 Be7 5. d3 Nf6 6. Nd2 {
With the idea of targetting d5 with both knights} O-O (6... a6 7. a4 d6 8. Nf1
Bg4 9. f3 Be6 10. Ne3 Nb4 11. Qe2 O-O 12. O-O Ne8 {This type of line seems
more promising to me, the key is the Knight on b4 helps defend the d5 square
against this one trick pony opening (Ed: Is it a one trick pony or a two pony
trick?). Castling as Ben did seems to give White a target.}) 7. Nf1 d6 8. Ne3
Nd4 9. a4 Be6 10. O-O Ne8 (10... Nd7 11. Ncd5 Nb6 12. Nxb6 axb6 13. c3 Nc6 14.
Bxe6 fxe6 15. Qb3 Rf6 16. Nf5 h6 17. Nxe7+ Nxe7 18. Be3) 11. Ncd5 Bg5 12. c3
Nc6 13. f4 exf4 14. Nxf4 Bxc4 ({Better is} 14... Bxf4 15. Rxf4 Nf6 16. b3 Re8
17. Ba3 Ne5 18. Qc2 a6 19. Bxe6 Rxe6 $10) 15. Nxc4 Nc7 16. Qg4 Ne5 17. Nxe5
dxe5 18. Nh5 {Diagram #You can't give these juniors a sniff, Ben is in trouble.
} Ne6 19. Nxg7 $1 Kxg7 20. h4 h6 21. hxg5 Nxg5 22. Bxg5 $2 (22. Be3 b6 23. Rf3
f6 24. Rg3 Qc7 25. Rc1 Qd6 26. Rf1 Rad8 27. Rf5 Qe7 28. Bxg5 fxg5 29. Rxg5+
hxg5 30. Qh5 Rxd3 31. Rxg5+ Qxg5 32. Qxg5+ {
Is similar to the game, but more forcing.}) 22... hxg5 23. Rf3 f6 24. Raf1 Qd6
25. Qf5 Rad8 26. Rh3 Rh8 27. Rff3 b6 28. g4 {Diagram #} c4 $2 {Just after he
has recovered, Ben relaxes and misses the danger, he needed to swap the Rooks
and accept a draw.} (28... Rxh3 29. Rxh3 Rh8 30. Rxh8 Kxh8 31. Qg6 c4 32. dxc4
Qd1+ 33. Kh2 Qd2+ 34. Kh3 Qe3+ {White can't escape the checks, draw...}) 29.
Rh5 Rdf8 30. Rxg5+ $1 fxg5 31. Qxg5+ Qg6 32. Qxe5+ {Diagram #} Kh7 (32... Rf6
33. g5 Re8 34. Qxf6+ Qxf6 35. gxf6+ Kf7 36. Kf2 cxd3 37. Rxd3 {
White wins the endgame comfortably.}) 33. Rh3+ Qh6 34. Rxh6+ Kxh6 35. d4 Kg6
36. Kg2 Rh7 37. d5 Rhf7 38. Qh5+ Kg7 39. Qg5+ Kh7 40. Qh4+ Kg6 41. e5 Rf3 42.
e6 Rd3 43. Qh5+ Kg7 44. Qg5+ Kh7 45. e7 1-0

[Event "Anzac Weekender"]
[Site "Auckland Chess Centre"]
[Date "2017.04.25"]
[Round "6"]
[White "Polishchuk, Kirill"]
[Black "Steadman, Mike"]
[Result "0-1"]
[WhiteElo "2122"]
[BlackElo "2237"]
[PlyCount "98"]
[EventDate "2017.??.??"]

1. e4 e6 2. b3 {I have tried this as White myself in my day, but decided that
it is basically not challenging and so I shelved it. I was happy to see it in
a must win game.} b6 3. Bb2 Bb7 4. d3 d5 5. Nd2 c5 6. f4 Nf6 7. e5 Nfd7 8. Ngf3
Nc6 {This is just a good French, the bishop does not want to be on b2, but
Black is OK with his on b7, it has chances of getting alive.} 9. c4 Ne7 10. Qe2
h5 {Diagram #Securing f5 for the knight. White correctly decides he can't
allow this in conjuction with d4 and then Ne3 but giving up the bishop is a
concession.} 11. g3 Nf5 12. Bh3 g6 13. Bxf5 gxf5 14. d4 (14. cxd5 Bxd5 15. Nc4
Be7 16. Nd6+ Bxd6 17. exd6 f6 18. d4 h4 {The computer is slightly trending to
Black and I agree. A good rule of thumb in the French is that when the white
squared bishop gets good, Black is doing well.}) 14... cxd4 15. Bxd4 Nc5 16.
Rd1 $2 {Diagram #White does not see the danger. Although close to equal,
Blacks game is easier to play.} h4 17. Rg1 (17. Nxh4 Rxh4 $1 {I had an annoying
loss to Jack James in Wellington (Ed: See the July issue for the grisly
details) when I chickened out of saccing the change, I was determined to try
to do it as often as I could after that.}) 17... hxg3 18. Rxg3 Qc7 19. Rc1 Rd8
({Or} 19... Ne4 20. Nxe4 dxe4 21. Ng5 O-O-O 22. Bc3 Rh4 23. Nh3 Bc5 {Blacks pos
ition is just winning, the Rooks will get doubled and White is slaughtered
down the h file.}) 20. Be3 dxc4 21. Bxc5 Bxc5 {Diagram #The 2 Bishops are just
massive, White's King in the middle, this is horrible.} 22. Nxc4 Qd7 23. Qg2 $2
Bb4+ 24. Kf1 Qd3+ 25. Qe2 (25. Kg1 b5 26. Nb2 Qe3+ 27. Kh1 Qxc1+) 25... Bxf3
26. Rxf3 Qxe2+ 27. Kxe2 Rxh2+ 28. Rf2 Rxf2+ 29. Kxf2 b5 30. Nd6+ Bxd6 31. exd6
Rxd6 {It's over, two pawns up, just mop up and get the King into the game.} 32.
Rc7 Rd2+ 33. Ke3 Rxa2 34. Kd4 Kf8 35. Rb7 a6 36. Rb6 Kg7 37. Kc5 Kg6 38. Kd6
Rb2 39. Rxa6 Rxb3 40. Ke7 Rc3 41. Rb6 Rc7+ 42. Kd6 Rc4 43. Rxb5 Rxf4 44. Ke7
Ra4 45. Rb8 Ra7+ 46. Kd6 Kf6 47. Rb6 Ra5 48. Kd7 f4 49. Ke8 Rf5 0-1

[Event "Karel Prucha Memorial"]
[Site "Prague"]
[Date "2017.07.01"]
[Round "1"]
[White "Macdonald, Paul"]
[Black "Novacek, Josef"]
[Result "1/2-1/2"]
[WhiteElo "1986"]
[BlackElo "2159"]
[Annotator "Paul Macdonald"]
[PlyCount "95"]
[EventDate "2006.01.07"]
[EventCountry "CSR"]

1. b3 Nf6 2. Bb2 d6 3. d4 g6 4. Nf3 Bg7 5. Nbd2 (5. c4) 5... d5 (5... e5 $5 6.
dxe5 Ng4) (5... O-O 6. e4) 6. g3 Bf5 7. Bg2 Qc8 8. O-O Bh3 9. c4 Bxg2 10. Kxg2
O-O 11. cxd5 Nxd5 12. e4 Nb6 13. Qc2 Na6 14. Rac1 Qd7 15. a3 c6 16. Rfd1 f5 17.
Ne5 Qe6 18. Ndc4 Nxc4 19. Qxc4 $2 (19. bxc4) 19... Qxc4 20. bxc4 fxe4 21. Re1
Bxe5 22. dxe5 Nc5 23. Rc2 Rad8 24. Bc3 Rf5 (24... Rd3) 25. Bb4 Rxe5 26. Bxc5
Rxc5 27. Rxe4 e5 28. Rce2 Rd4 29. f4 Rdxc4 30. fxe5 Rxe4 31. Rxe4 Kf7 32. Rh4
h5 33. Rf4+ Ke7 34. Rf6 Rxe5 35. Rxg6 Kd7 36. Rg7+ Re7 37. Rg5 Rh7 38. Kf3 Ke6
39. Kf4 h4 40. g4 Rf7+ 41. Ke3 Rf1 42. Rh5 Ra1 43. Rxh4 Rxa3+ 44. Kf4 Kf6 45.
Rh6+ Kg7 46. Rd6 Ra4+ 47. Kf5 Ra5+ 48. Ke6 1/2-1/2

[Event "Karel Prucha Memorial"]
[Site "Prague"]
[Date "2017.07.02"]
[Round "2"]
[White "Salac, Jiri"]
[Black "Macdonald, Paul"]
[Result "0-1"]
[WhiteElo "2084"]
[BlackElo "1986"]
[PlyCount "106"]
[EventDate "2006.01.07"]
[EventCountry "CSR"]

1. d4 d6 2. Bf4 g6 3. Nc3 Bg7 4. Qd2 Nf6 5. Rd1 O-O 6. Bh6 Nbd7 7. Bxg7 Kxg7 8.
f4 c5 9. e4 cxd4 10. Qxd4 Qa5 11. Nf3 e5 12. Qd2 Re8 13. f5 a6 14. a3 Nb6 15.
Be2 d5 16. Nxd5 Qxd2+ 17. Rxd2 Nbxd5 18. exd5 e4 19. Nd4 e3 20. Rd1 Nxd5 21.
Rf1 Nf6 22. Rd3 b5 23. Bf3 Ra7 24. Ke2 Rae7 25. g4 Ne4 26. Ne6+ fxe6 27. Bxe4
exf5 28. Bc6 Rf8 29. gxf5 Bxf5 30. Rxe3 Rc7 31. Be4 Bxe4 32. Rxe4 Rxc2+ 33. Kd3
Rxf1 34. Kxc2 Rf2+ 35. Kc3 Rxh2 36. a4 Kf6 37. Rb4 Rh5 38. a5 Ke5 39. Rg4 Rf5
40. Rg1 Rf4 41. Rg5+ Kf6 42. Rd5 Re4 43. Rd6+ Re6 44. Rd8 h5 45. Kb4 h4 46. Kc5
h3 47. Rh8 Re5+ 48. Kb6 Rh5 49. Rd8 h2 50. Rd1 h1=Q 51. Rxh1 Rxh1 52. Kxa6 g5
53. Kxb5 g4 0-1

[Event "Karel Prucha Memorial"]
[Site "Prague"]
[Date "2017.07.03"]
[Round "3"]
[White "Macdonald, Paul"]
[Black "Ptak, Pavel"]
[Result "1-0"]
[WhiteElo "1986"]
[BlackElo "2120"]
[Annotator "Paul Macdonald"]
[PlyCount "73"]
[EventDate "2006.01.07"]
[EventCountry "CSR"]

1. b3 d5 2. Bb2 Bg4 3. Nf3 Bxf3 4. exf3 Nf6 5. d4 g6 6. Bd3 Bg7 7. O-O O-O 8.
Nd2 a5 9. a3 Nh5 10. g3 Nc6 11. c3 e5 {
It appears black is doing rather well but it is all an illusion.} 12. dxe5 Nxe5
13. Be2 {The threat of f3-f4 forces black to retreat} Nc6 ({After} 13... Qg5 {
white can simply respond with} 14. Kh1 {and the threat of f4 remains} (14. h4
Qf6)) 14. f4 Nf6 15. Nf3 Ne4 16. Qc2 Qe7 17. Rae1 f5 18. c4 d4 19. Bd3 Rae8 20.
Ng5 Nxg5 21. Rxe7 Rxe7 22. fxg5 Ne5 23. Bc1 Rfe8 24. Kg2 Bf8 25. Re1 Nxd3 26.
Rxe7 Rxe7 27. Qxd3 c5 28. Bd2 b6 29. b4 axb4 30. axb4 Rd7 31. bxc5 Bxc5 32. Bf4
Re7 33. Qf3 Re4 34. g4 d3 35. Qxd3 Rxf4 36. Qd5+ Kf8 37. Qd8+ 1-0

[Event "Karel Prucha Memorial"]
[Site "Prague"]
[Date "2017.07.04"]
[Round "4"]
[White "Kiss, Pal"]
[Black "Macdonald, Paul"]
[Result "1/2-1/2"]
[WhiteElo "2278"]
[BlackElo "1986"]
[Annotator "Paul Macdonald"]
[PlyCount "63"]
[EventDate "2017.??.??"]

1. d4 d6 2. Nf3 g6 3. c4 Bg7 4. Nc3 Bg4 5. e3 c5 6. d5 Nf6 7. Be2 O-O 8. O-O
Na6 9. e4 Nc7 10. h3 Bxf3 11. Bxf3 Rb8 12. Be2 a6 13. a4 e5 14. a5 Nfe8 15. Bd2
f5 16. Qb1 f4 17. b4 cxb4 18. Qxb4 {Diagram #White has a strong queenside
initiative and is ready to hit me with c4-c5. I am already desperate. What to
do?} Rf7 (18... f3 {
is hopeless as black cannot get his pieces across to the kingside} 19. Bxf3
Rxf3 20. gxf3 Qh4 21. Kg2 Bh6 22. Bxh6 Qxh6 23. Ne2 $19) 19. Na4 {The immediate
} (19. c5 {gives me a little much-needed breathing room} dxc5 20. Qxc5 Bf8)
19... Bf8 {The standard defensive setup in a King's Indian.} 20. Rfc1 {
Now if I can just get a knight to d7 I might be able to hold up c4-c5} Nf6 21.
f3 (21. c5 {has a surprising comeback} Nb5 $1 22. Bxb5 axb5 23. Nc3 (23. Qxb5
Nxe4) 23... f3 $1 24. gxf3 (24. Qxb5 fxg2 {with compensation}) 24... Ne8 {
and miraculously black has some counterplay on white's king.}) 21... Nd7 {
IM's tend to feel the right things to do. With the e4-pawn secured the Nb5
idea just doesn't work any more.} 22. Be1 {This is the true intent of f3 - the
bishop can come to f2 and then Ba7 is always in the air embarrassing the
b8-rook. So how to defend this new threat? Well the b7-pawn will be in danger
so how about use my rook on f7 to at least get some counterplay?} Ne8 $1 23.
Bf2 {Diagram #} Rc8 {I have no idea what happened but I found myself putting
the rook on c8 a move earlier than I intended. I remember Karpov recounting
such an incident in a game against Kasparov playing the 2nd move of a
variation. But looking at it I started thinking hey this isn't so bad after
all! Instead of ...Rc8, I had analysed something like} (23... Ng7 24. Ba7 Rc8
25. Qxb7 Nc5 26. Qb6 Nxa4 27. Rxa4 Qd7 {and black is better!}) 24. Qxb7 {
Anything else and black stops the c5-break and managed to hold for a while.}
Nc5 25. Qb6 Rb7 {Diagram #I thought if I can control the b-file at least I
have compensation for the pawn lost.} 26. Qxd8 {
Surprisingly my esteemed opponent misses a golden opportunity!} (26. Bxc5 $1
Rxb6 27. Bxb6 {is a picturesque sight - all of black's pieces are on the back
rank. Fischer-random anyone? With a rook, bishop and pawn for the queen and
total domination of the position white is winning here.}) 26... Rxd8 27. Bd1 {
White would love to neutralise the b-file with 27. Nb6 but then Nb3 wins the
change} Rdb8 {I was much happier now - this was the position I was aiming for
when "accidently" playing Rc8.} 28. Bc2 {Diagram #A clever move preventing Nd3
and preparing to challenge the b-file at the same time. Some time ago when
preparing for a game with Daniel Runcan I reached an endgame position from the
Benko where black was a pawn down but white had no way to win. The structure
was very similar to this position. All I had to do was control c5 and swap the
pieces off.} Nf6 {Heading to d7 and my desired drawn position.} 29. Nb6 {
Kiss misses his last real opportunity to avoid the drawish position} (29. Nxc5
dxc5 {is good for white}) 29... Nfd7 30. Nxd7 Rxd7 31. Rcb1 (31. Bxc5 {
doesn't work now due to the opposite coloured bishop ending}) 31... Rdb7 {
Not seeing any way to break through my opponent took off the knight and
offered a draw which I accepted gratefully and delightedly. The question
remains, is this really a draw? IM Kiss was of the view that his light squared
bishop remains a hopeless bystander against the powerfully placed knight on c5.
} 32. Bxc5 {Draw offered and accepted.} ({
White's attempt to activate the bishop} 32. Rxb7 Rxb7 33. Ba4 {is met with}
Nxa4 34. Rxa4 Rb1+ {and it is difficult to see how white makes progress.})
1/2-1/2